ბათუმის შოთა რუსთაველის სახელმწიფო უნივერსიტეტის ბიბლიოთეკა

ქრისტიანული ძეგლების ტოპონიმია და ძველი საეკლესიო მოღვაწენი / (ბიბ.ჩანაწერი № 59890)

000 -ლიდერი
ფიქსირებული სიგრძის საკონტროლო ველი 01626nam a22002417a 4500
003 - საკონტროლო ნომრის იდენტიფიკატორი
საკონტროლო ველი Ge_BSU
005 - ბოლო ოპერაციის თარიღი და დრო
საკონტროლო ველი 20230505155911.0
008 - ფიქსირებული სიგრძის მონაცემთა ელემენტები - ზოგადი ინფორმაცია
ფიქსირებული სიგრძის საკონტროლო ველი 230505s2013 ge ||||| |||| 00| 0 geo d
020 ## - წიგნის საერთაშორისო სტანდარტული ნომერი
International Standard Book Number 9789994021802
041 ## - ენის კოდი
Language code of text/sound track or separate title geo
080 ## - უნივერსალური ათობითი კლასიფიკაციის ინდექსი
Universal Decimal Classification number 726:27-523.4(479.22) ს-96
100 ## - მთავარი ჩანაწერი - პიროვნების სახელი
Personal name სურმანიძე, რამაზ
9 (RLIN) 17997
245 ## - ცნობა სათაურის შესახებ
Title ქრისტიანული ძეგლების ტოპონიმია და ძველი საეკლესიო მოღვაწენი /
Statement of responsibility, etc რამაზ სურმანიძე; რედ. ნუგზარ ცეცხლაძე.
264 ## - წარმოების, გამოცემის, დისტრიბუციის და სხვა ცნობები
გამოცემის, წარმოების, დისტრიბუციის... ადგილი ბათუმი :
გამოცემის, წარმოების, დისტრიბუციის... სახელწოდება ს.ს. "გამომცემლობა აჭარა",
გამოცემის, წარმოების, დისტრიბუციის... თარიღი 2013.
300 ## - ფიზიკური აღწერა
Extent 224 გვ. :
Other physical details ფოტ. ;
Dimensions 22 სმ.
500 ## - ზოგადი შენიშვნა
General note ეძღვნება საქ. კათალიკოს-პატრიარქის..ილია II დაბადების 80 და პატრიარქად აღსაყდრების 35 წლისთავს
501 ## - შენიშვნა თანმხლებ მასალაზე
With note წიგნი გამოდის აჭარის ა/რ განათლების, კულტურისა და სპორტის სამინისტროს მხარდაჭერით.
504 ## - BIBLIOGRAPHY, ETC. NOTE
Bibliography, etc ბიბლიოგრ.: გვ. 217-219.
653 ## - INDEX TERM--UNCONTROLLED
Uncontrolled term ქრისტიანული ძეგლები საქართველოში
653 ## - INDEX TERM--UNCONTROLLED
Uncontrolled term ქართული ტოპონიმია
700 ## - ADDED ENTRY--PERSONAL NAME
Personal name ცეცხლაძე, ნუგზარ
Relator term რედაქტორი
9 (RLIN) 7538
942 ## - ADDED ENTRY ELEMENTS (KOHA)
Source of classification or shelving scheme
Koha item type წიგნი
ეგზემპლარები
ჩამოწერის სტატუსი დაკარგული ეგზემპლარის სტატუსი კლასიფიკაციის წყარო ან თაროზე გაწყობის სქემა დაზიანების სტატუსი არ გაიცემა მუდმივი მდებარეობა (დაცვის ადგილი) ამჟამინდელი ადგილსამყოფელი თაროზე განთავსების ადგილი შეძენის თარიღი ღირებულება, შესყიდვის ნორმალური ფასი სრული შენახვის შიფრი შტრიხკოდი ბოლო ოპერაციის თარიღი ეგზემპლარის მიმდევრობითი ნომერი (კეტერი?) Uniform Resource Identifier ფასის ძალაში შესვლის თარიღი ეგზემპლარის სახეობა საჯარო შენიშვნა
          ბათუმის შოთა რუსთაველის სახელმწიფო უნივერსიტეტის მთავარი ბიბლიოთეკა ბათუმის შოთა რუსთაველის სახელმწიფო უნივერსიტეტის მთავარი ბიბლიოთეკა წიგნსაცავი 2023-05-05 6.00 726:27-523.4(479.22) ს-96 64371 2023-05-05 64371 ბსუ-ს საპატიო დოქტორის გურამ ლორთქიფანიძის საჩუქარი 2023-05-05 წიგნი 6 ლ.
          ბათუმის შოთა რუსთაველის სახელმწიფო უნივერსიტეტის მთავარი ბიბლიოთეკა ბათუმის შოთა რუსთაველის სახელმწიფო უნივერსიტეტის მთავარი ბიბლიოთეკა წიგნის კალათა 2023-05-05   726:27-523.4(479.22) ს-96 26723 2023-05-05 26723   2023-05-05 წიგნი  
          ბათუმის შოთა რუსთაველის სახელმწიფო უნივერსიტეტის მთავარი ბიბლიოთეკა ბათუმის შოთა რუსთაველის სახელმწიფო უნივერსიტეტის მთავარი ბიბლიოთეკა წიგნის კალათა 2023-05-05   726:27-523.4(479.22) ს-96 26724 2023-05-05 26724   2023-05-05 წიგნი